[Event "Greek Team Championship"]
[Site "chess24.com"]
[Date "2017.07.06"]
[Round "5"]
[White "Papaioannou, Paris"]
[Black "Kormas, Georgios"]
[Result "0-1"]
[Board "9"]
[WhiteElo "1117"]
[WhiteCountry "GRE"]
[WhiteFideId "4289374"]
[WhiteEloChange "-2"]
[BlackElo "1647"]
[BlackCountry "GRE"]
[BlackFideId "4289056"]
[BlackEloChange "2"]

1. e4 {[%clk 1:28:07]} c5 {[%clk 1:30:52]} 2. Nf3 {[%clk 1:28:21]} d6 {[%clk
1:31:13]} 3. d4 {[%clk 1:28:02]} cxd4 {[%clk 1:31:35]} 4. Nxd4 {[%clk 1:28:21]}
Nf6 {[%clk 1:31:54]} 5. Nc3 {[%clk 1:28:04]} g6 {[%clk 1:32:03]} 6. Bg5 {[%clk
1:26:46]} Bg7 {[%clk 1:31:58]} 7. Bc4 {[%clk 1:25:42]} O-O {[%clk 1:30:17]} 8.
O-O {[%clk 1:24:15]} Nc6 {[%clk 1:29:51]} 9. Nxc6 {[%clk 1:22:44]} bxc6 {[%clk
1:30:08]} 10. Qd2 {[%clk 1:20:29]} Qc7 {[%clk 1:28:12]} 11. Rfe1 {[%clk 1:18:42]}
Rb8 {[%clk 1:25:14]} 12. b3 {[%clk 1:17:00]} Re8 {[%clk 1:18:57]} 13. Rac1 {[%clk
1:14:18]} Nd7 {[%clk 1:14:35]} 14. Bh6 {[%clk 1:09:30]} Bh8 {[%clk 1:12:03]} 15.
f4 {[%clk 1:04:59]} a5 {[%clk 0:57:31]} 16. Rf1 {[%clk 1:03:03]} Nb6 {[%clk
0:47:03]} 17. Bd3 {[%clk 1:00:03]} a4 {[%clk 0:44:48]} 18. f5 {[%clk 0:58:54]}
Bg7 {[%clk 0:34:19]} 19. Bxg7 {[%clk 0:58:51]} Kxg7 {[%clk 0:34:33]} 20. fxg6
{[%clk 0:59:06]} hxg6 {[%clk 0:34:28]} 21. Qg5 {[%clk 0:57:17]} axb3 {[%clk
0:33:20]} 22. e5 {[%clk 0:57:33]} Rg8 {[%clk 0:19:06]} 23. exd6 {[%clk 0:51:02]}
Qxd6 {[%clk 0:18:31]} 24. axb3 {[%clk 0:50:52]} Qd4+ {[%clk 0:17:06]} 25. Kh1
{[%clk 0:49:28]} Rb7 {[%clk 0:13:09]} 26. Ne2 {[%clk 0:44:43]} Qd6 {[%clk
0:12:21]} 27. Rf3 {[%clk 0:41:24]} e5 {[%clk 0:10:45]} 28. Rcf1 {[%clk 0:36:19]}
Re8 {[%clk 0:08:25]} 29. Qf6+ {[%clk 0:35:02]} Qxf6 {[%clk 0:08:34]} 30. Rxf6
{[%clk 0:34:56]} Re6 {[%clk 0:08:17]} 31. Rxe6 {[%clk 0:35:01]} Bxe6 {[%clk
0:08:39]} 32. Nc3 {[%clk 0:31:54]} Nd5 {[%clk 0:07:12]} 33. Ne4 {[%clk 0:28:56]}
Bf5 {[%clk 0:05:15]} 34. Nc5 {[%clk 0:25:25]} Bxd3 {[%clk 0:05:24]} 35. Nxd3
{[%clk 0:25:30]} Re7 {[%clk 0:04:40]} 36. Kg1 {[%clk 0:20:52]} e4 {[%clk
0:04:05]} 37. Nc1 {[%clk 0:20:02]} f5 {[%clk 0:03:16]} 38. g3 {[%clk 0:18:42]}
Kf6 {[%clk 0:03:12]} 39. Kf2 {[%clk 0:18:39]} Ke5 {[%clk 0:02:33]} 40. Ne2 {[%clk
0:47:41]} g5 {[%clk 0:31:18]} 41. c4 {[%clk 0:46:39]} Nb4 {[%clk 0:28:42]} 42.
Ke3 {[%clk 0:45:15]} Rd7 {[%clk 0:27:25]} 43. Nc1 {[%clk 0:44:13]} Ra7 {[%clk
0:25:57]} 44. Kd2 {[%clk 0:41:56]} f4 {[%clk 0:24:52]} 45. gxf4+ {[%clk 0:41:40]}
gxf4 {[%clk 0:25:10]} 46. h4 {[%clk 0:41:44]} e3+ {[%clk 0:23:51]} 47. Ke2 {[%clk
0:40:59]} Ke4 {[%clk 0:22:49]} 48. h5 {[%clk 0:40:08]} Rh7 {[%clk 0:22:33]} 49.
Rh1 {[%clk 0:39:27]} f3+ {[%clk 0:22:44]} 50. Kf1 {[%clk 0:39:22]} Rd7 {[%clk
0:22:09]} 51. Rh4+ {[%clk 0:39:03]} Kf5 {[%clk 0:22:05]} 52. Kg1 {[%clk 0:38:38]}
f2+ {[%clk 0:20:11]} 53. Kg2 {[%clk 0:38:12]} Rg7+ {[%clk 0:20:20]} 0-1

[Event "Greek Team Championship"]
[Site "chess24.com"]
[Date "2017.07.07"]
[Round "6"]
[White "Papaioannou, Ioannis"]
[Black "Warmerdam, Max"]
[Result "1-0"]
[Board "1"]
[WhiteElo "2636"]
[WhiteTitle "GM"]
[WhiteCountry "GRE"]
[WhiteFideId "4201345"]
[WhiteEloChange "2"]
[BlackElo "2358"]
[BlackTitle "FM"]
[BlackCountry "NED"]
[BlackFideId "1048104"]
[BlackEloChange "-3"]

1. d4 {[%clk 1:30:30]} Nf6 {[%clk 1:30:30]} 2. Nf3 {[%clk 1:30:30]} g6 {[%clk
1:30:30]} 3. Bg5 {[%clk 1:30:30]} Bg7 {[%clk 1:30:30]} 4. Nbd2 {[%clk 1:30:30]}
O-O {[%clk 1:30:30]} 5. e3 {[%clk 1:30:30]} d6 {[%clk 1:30:30]} 6. Bc4 {[%clk
1:30:30]} b6 {[%clk 1:30:30]} 7. O-O {[%clk 1:30:30]} Bb7 {[%clk 1:30:30]} 8. Re1
{[%clk 1:30:30]} c5 {[%clk 1:30:30]} 9. c3 {[%clk 1:30:30]} Nbd7 {[%clk 1:30:30]}
10. Bd3 {[%clk 1:20:01]} Rc8 {[%clk 1:19:07]} 11. a4 {[%clk 1:18:30]} h6 {[%clk
1:16:51]} 12. Bh4 {[%clk 1:18:01]} g5 {[%clk 1:15:05]} 13. Bg3 {[%clk 1:17:32]}
Nh5 {[%clk 1:15:06]} 14. a5 {[%clk 1:17:04]} Nxg3 {[%clk 1:12:54]} 15. hxg3
{[%clk 1:17:29]} Rc7 {[%clk 1:12:31]} 16. Qe2 {[%clk 1:14:13]} e6 {[%clk
1:06:36]} 17. axb6 {[%clk 1:12:36]} axb6 {[%clk 1:06:48]} 18. Ba6 {[%clk
1:12:43]} Ba8 {[%clk 0:50:18]} 19. Red1 {[%clk 1:10:27]} Qe7 {[%clk 0:48:09]} 20.
Bb5 {[%clk 1:09:52]} d5 {[%clk 0:46:09]} 21. Ra3 {[%clk 1:09:01]} Bb7 {[%clk
0:46:04]} 22. Rda1 {[%clk 1:08:07]} Qd6 {[%clk 0:42:48]} 23. Ra7 {[%clk 1:06:33]}
Rd8 {[%clk 0:30:32]} 24. Qd1 {[%clk 1:03:21]} Nf8 {[%clk 0:29:10]} 25. g4 {[%clk
0:58:41]} Ng6 {[%clk 0:25:09]} 26. Nf1 {[%clk 0:57:18]} Bc8 {[%clk 0:14:22]} 27.
Ra8 {[%clk 0:55:26]} e5 {[%clk 0:14:15]} 28. dxe5 {[%clk 0:53:34]} Nxe5 {[%clk
0:13:40]} 29. Nxe5 {[%clk 0:53:31]} Bxe5 {[%clk 0:14:02]} 30. Qf3 {[%clk
0:53:21]} Kg7 {[%clk 0:09:23]} 31. Rd1 {[%clk 0:52:05]} Bxg4 {[%clk 0:09:37]} 32.
Rxd8 {[%clk 0:52:18]} Bxf3 {[%clk 0:10:03]} 33. Rxd6 {[%clk 0:52:43]} Bxd1 {[%clk
0:10:29]} 34. Rxd5 {[%clk 0:53:08]} 1-0

[Event "Greek Team Championship"]
[Site "chess24.com"]
[Date "2017.07.07"]
[Round "6"]
[White "Roinos, Ilias"]
[Black "Sethuraman, S.P."]
[Result "0-1"]
[Board "2"]
[WhiteElo "2198"]
[WhiteCountry "GRE"]
[WhiteFideId "4232402"]
[WhiteEloChange "-2"]
[BlackElo "2625"]
[BlackTitle "GM"]
[BlackCountry "IND"]
[BlackFideId "5021596"]
[BlackEloChange "1"]

1. e4 {[%clk 1:30:56]} g6 {[%clk 1:30:28]} 2. d4 {[%clk 1:31:15]} Bg7 {[%clk
1:30:52]} 3. Nc3 {[%clk 1:31:26]} a6 {[%clk 1:31:14]} 4. Be3 {[%clk 1:30:30]} d6
{[%clk 1:31:19]} 5. Qd2 {[%clk 1:30:21]} b5 {[%clk 1:30:37]} 6. a4 {[%clk
1:30:37]} b4 {[%clk 1:30:49]} 7. Nce2 {[%clk 1:31:00]} a5 {[%clk 1:28:08]} 8. Ng3
{[%clk 1:30:03]} Nd7 {[%clk 1:24:31]} 9. Nf3 {[%clk 1:27:39]} Bb7 {[%clk
1:24:17]} 10. Bd3 {[%clk 1:27:18]} h5 {[%clk 1:21:07]} 11. h4 {[%clk 1:20:32]}
Nh6 {[%clk 1:18:33]} 12. Ng5 {[%clk 1:06:12]} Ng4 {[%clk 1:15:33]} 13. e5 {[%clk
1:04:27]} dxe5 {[%clk 1:10:52]} 14. Bxg6 {[%clk 1:02:23]} fxg6 {[%clk 1:11:04]}
15. Ne6 {[%clk 1:02:43]} Qc8 {[%clk 1:11:09]} 16. d5 {[%clk 0:24:14]} Nxe3 {[%clk
1:06:39]} 17. fxe3 {[%clk 0:21:17]} Bf6 {[%clk 1:06:40]} 18. O-O {[%clk 0:19:49]}
Nf8 {[%clk 0:51:43]} 19. Qd3 {[%clk 0:17:45]} Ba6 {[%clk 0:51:18]} 20. Qe4 {[%clk
0:14:14]} Bxf1 {[%clk 0:51:11]} 21. Rxf1 {[%clk 0:14:11]} Kf7 {[%clk 0:47:49]}
22. Qxe5 {[%clk 0:07:04]} Nxe6 {[%clk 0:46:56]} 23. Ne4 {[%clk 0:07:26]} Ng7
{[%clk 0:44:20]} 24. Rxf6+ {[%clk 0:05:06]} exf6 {[%clk 0:44:44]} 25. Qxf6+
{[%clk 0:05:26]} Kg8 {[%clk 0:45:03]} 26. Qxg6 {[%clk 0:05:14]} Qf5 {[%clk
0:44:39]} 0-1

[Event "Greek Team Championship"]
[Site "chess24.com"]
[Date "2017.07.07"]
[Round "6"]
[White "Saric, Ivan"]
[Black "Loutragotis, Dimitrios"]
[Result "1-0"]
[Board "3"]
[WhiteElo "2616"]
[WhiteTitle "GM"]
[WhiteCountry "CRO"]
[WhiteFideId "14508150"]
[WhiteEloChange "1"]
[BlackElo "2143"]
[BlackCountry "GRE"]
[BlackFideId "4268458"]
[BlackEloChange "-2"]

1. d4 {[%clk 1:30:56]} Nf6 {[%clk 1:30:54]} 2. c4 {[%clk 1:31:22]} g6 {[%clk
1:31:19]} 3. Nc3 {[%clk 1:31:44]} Bg7 {[%clk 1:31:37]} 4. e4 {[%clk 1:32:08]} d6
{[%clk 1:32:01]} 5. Be2 {[%clk 1:32:21]} O-O {[%clk 1:32:22]} 6. Be3 {[%clk
1:32:46]} e5 {[%clk 1:31:03]} 7. d5 {[%clk 1:33:11]} Na6 {[%clk 1:31:17]} 8. Nf3
{[%clk 1:33:21]} Ng4 {[%clk 1:30:57]} 9. Bg5 {[%clk 1:33:44]} f6 {[%clk 1:31:11]}
10. Bh4 {[%clk 1:34:06]} c5 {[%clk 1:30:34]} 11. Nd2 {[%clk 1:31:10]} Nh6 {[%clk
1:28:27]} 12. a3 {[%clk 1:30:20]} Qe8 {[%clk 1:19:57]} 13. Rb1 {[%clk 1:18:45]}
Bd7 {[%clk 1:06:54]} 14. b4 {[%clk 1:14:42]} Nf7 {[%clk 1:00:31]} 15. O-O {[%clk
1:14:23]} f5 {[%clk 0:58:06]} 16. exf5 {[%clk 1:13:51]} gxf5 {[%clk 0:58:16]} 17.
Nb5 {[%clk 1:13:40]} e4 {[%clk 0:50:16]} 18. bxc5 {[%clk 1:13:03]} dxc5 {[%clk
0:50:32]} 19. Bh5 {[%clk 1:11:11]} Qe5 {[%clk 0:46:32]} 20. f4 {[%clk 1:07:43]}
Qb8 {[%clk 0:45:09]} 21. Rb3 {[%clk 1:06:02]} Bxb5 {[%clk 0:39:16]} 22. cxb5
{[%clk 1:06:06]} Nc7 {[%clk 0:39:13]} 23. Rg3 {[%clk 1:06:02]} Nxd5 {[%clk
0:39:09]} 24. Qa1 {[%clk 1:01:00]} Ne5 {[%clk 0:37:42]} 25. fxe5 {[%clk 1:01:26]}
Kh8 {[%clk 0:37:40]} 26. Rxg7 {[%clk 1:00:26]} Kxg7 {[%clk 0:38:03]} 27. e6+
{[%clk 1:00:54]} 1-0

[Event "Greek Team Championship"]
[Site "chess24.com"]
[Date "2017.07.07"]
[Round "6"]
[White "Zervos, Lazaros"]
[Black "Pavlidis, Antonios"]
[Result "0-1"]
[Board "4"]
[WhiteElo "2082"]
[WhiteCountry "GRE"]
[WhiteFideId "4238362"]
[WhiteEloChange "-2"]
[BlackElo "2540"]
[BlackTitle "GM"]
[BlackCountry "GRE"]
[BlackFideId "4212312"]
[BlackEloChange "1"]

1. e4 {[%clk 1:30:56]} c5 {[%clk 1:29:40]} 2. Nf3 {[%clk 1:31:15]} Nc6 {[%clk
1:29:32]} 3. d4 {[%clk 1:31:13]} cxd4 {[%clk 1:29:58]} 4. Nxd4 {[%clk 1:31:36]}
e6 {[%clk 1:30:26]} 5. Nc3 {[%clk 1:31:50]} Qc7 {[%clk 1:30:39]} 6. g3 {[%clk
1:31:56]} a6 {[%clk 1:31:03]} 7. Bg2 {[%clk 1:32:17]} Nge7 {[%clk 1:31:06]} 8.
Nb3 {[%clk 1:14:17]} Ne5 {[%clk 1:30:20]} 9. a4 {[%clk 1:02:01]} N7c6 {[%clk
1:27:57]} 10. O-O {[%clk 1:01:36]} Be7 {[%clk 1:22:45]} 11. f4 {[%clk 0:53:23]}
Nc4 {[%clk 1:22:51]} 12. Qe2 {[%clk 0:52:39]} Nb4 {[%clk 1:19:31]} 13. a5 {[%clk
0:41:25]} O-O {[%clk 1:18:10]} 14. Na4 {[%clk 0:29:53]} Nxa5 {[%clk 1:09:29]} 15.
Nxa5 {[%clk 0:28:29]} Qxa5 {[%clk 1:09:55]} 16. Be3 {[%clk 0:25:37]} Qc7 {[%clk
1:09:57]} 17. c3 {[%clk 0:25:17]} Nc6 {[%clk 1:09:36]} 18. Bb6 {[%clk 0:25:15]}
Qb8 {[%clk 1:09:47]} 19. c4 {[%clk 0:19:56]} d6 {[%clk 1:08:44]} 20. Rad1 {[%clk
0:18:32]} Bd7 {[%clk 1:07:30]} 21. c5 {[%clk 0:18:08]} Na7 {[%clk 1:03:43]} 22.
Nc3 {[%clk 0:17:47]} Bc6 {[%clk 0:57:31]} 23. cxd6 {[%clk 0:11:31]} Bxd6 {[%clk
0:57:53]} 24. e5 {[%clk 0:11:27]} Be7 {[%clk 0:56:49]} 25. f5 {[%clk 0:03:06]}
exf5 {[%clk 0:53:15]} 26. e6 {[%clk 0:01:41]} f6 {[%clk 0:50:35]} 27. Rxf5 {[%clk
0:01:08]} Nc8 {[%clk 0:50:58]} 28. Bd4 {[%clk 0:00:45]} Rd8 {[%clk 0:50:40]} 29.
Rff1 {[%clk 0:00:35]} Qc7 {[%clk 0:49:38]} 30. Bxc6 {[%clk 0:00:39]} Qxc6 {[%clk
0:47:59]} 31. Bf2 {[%clk 0:01:02]} Nb6 {[%clk 0:48:02]} 32. Qe4 {[%clk 0:00:36]}
Qxe4 {[%clk 0:46:10]} 33. Nxe4 {[%clk 0:01:05]} Nc4 {[%clk 0:46:24]} 34. b3
{[%clk 0:01:10]} Ne5 {[%clk 0:46:48]} 35. Bc5 {[%clk 0:00:42]} Kf8 {[%clk
0:46:27]} 36. Bd6 {[%clk 0:00:46]} Nc6 {[%clk 0:45:48]} 37. Bc5 {[%clk 0:00:33]}
Rxd1 {[%clk 0:44:45]} 38. Rxd1 {[%clk 0:01:02]} Rd8 {[%clk 0:45:11]} 39. Re1
{[%clk 0:00:32]} Rd5 {[%clk 0:44:50]} 40. b4 {[%clk 0:30:34]} Re5 {[%clk
1:14:36]} 41. Kf1 {[%clk 0:26:23]} Nxb4 {[%clk 1:13:02]} 0-1

[Event "Greek Team Championship"]
[Site "chess24.com"]
[Date "2017.07.07"]
[Round "6"]
[White "Botsari, Anna-Maria"]
[Black "Ratsma, Rosa"]
[Result "1/2-1/2"]
[Board "5"]
[WhiteElo "2314"]
[WhiteTitle "WGM"]
[WhiteCountry "GRE"]
[WhiteFideId "4200446"]
[WhiteEloChange "-5"]
[BlackElo "2137"]
[BlackCountry "NED"]
[BlackFideId "1033662"]
[BlackEloChange "5"]

1. d4 {[%clk 1:27:12]} Nf6 {[%clk 1:30:51]} 2. c4 {[%clk 1:27:03]} g6 {[%clk
1:31:08]} 3. Nf3 {[%clk 1:27:27]} Bg7 {[%clk 1:31:28]} 4. g3 {[%clk 1:27:42]} O-O
{[%clk 1:31:45]} 5. Bg2 {[%clk 1:28:10]} d6 {[%clk 1:32:02]} 6. O-O {[%clk
1:28:33]} Nc6 {[%clk 1:32:12]} 7. d5 {[%clk 1:28:49]} Na5 {[%clk 1:32:21]} 8. Qa4
{[%clk 1:29:12]} c5 {[%clk 1:30:43]} 9. Bd2 {[%clk 1:29:31]} b6 {[%clk 1:27:56]}
10. Bc3 {[%clk 1:29:35]} Bd7 {[%clk 1:24:38]} 11. Qc2 {[%clk 1:28:58]} b5 {[%clk
1:16:11]} 12. cxb5 {[%clk 1:28:15]} Bxb5 {[%clk 1:14:41]} 13. Na3 {[%clk
1:27:34]} Bd7 {[%clk 1:13:21]} 14. e4 {[%clk 1:25:27]} Rb8 {[%clk 1:06:46]} 15.
Rad1 {[%clk 1:12:47]} Bg4 {[%clk 0:59:19]} 16. Qa4 {[%clk 1:09:35]} Nb7 {[%clk
0:59:27]} 17. Rfe1 {[%clk 1:07:22]} Nd7 {[%clk 0:53:59]} 18. h3 {[%clk 1:05:44]}
Nb6 {[%clk 0:47:40]} 19. Qc2 {[%clk 1:04:11]} Bxc3 {[%clk 0:45:39]} 20. Qxc3
{[%clk 0:59:29]} Bxf3 {[%clk 0:36:50]} 21. Bxf3 {[%clk 0:58:24]} e5 {[%clk
0:35:13]} 22. dxe6 {[%clk 0:55:26]} fxe6 {[%clk 0:35:38]} 23. Bg4 {[%clk
0:53:04]} Qe7 {[%clk 0:33:39]} 24. h4 {[%clk 0:50:54]} Nd8 {[%clk 0:30:57]} 25.
Qd2 {[%clk 0:42:23]} Nc8 {[%clk 0:26:45]} 26. Nc4 {[%clk 0:39:40]} h5 {[%clk
0:25:54]} 27. Bh3 {[%clk 0:39:37]} Nc6 {[%clk 0:25:11]} 28. Qh6 {[%clk 0:26:13]}
Qf7 {[%clk 0:22:42]} 29. Kh1 {[%clk 0:21:16]} Nd4 {[%clk 0:21:15]} 30. b3 {[%clk
0:15:46]} Rb7 {[%clk 0:18:59]} 31. f4 {[%clk 0:12:01]} Qg7 {[%clk 0:17:31]} 32.
Qxg7+ {[%clk 0:12:19]} Kxg7 {[%clk 0:17:56]} 33. Bg2 {[%clk 0:04:52]} Rd7 {[%clk
0:16:54]} 34. Rc1 {[%clk 0:05:09]} Nb6 {[%clk 0:16:31]} 35. e5 {[%clk 0:04:25]}
d5 {[%clk 0:15:36]} 36. Nd6 {[%clk 0:04:44]} Rc7 {[%clk 0:15:28]} 37. Bf1 {[%clk
0:03:51]} Nf5 {[%clk 0:12:48]} 38. Kh2 {[%clk 0:04:14]} Rd8 {[%clk 0:11:18]} 39.
Nxf5+ {[%clk 0:02:15]} gxf5 {[%clk 0:11:34]} 40. Red1 {[%clk 0:31:56]} Nd7 {[%clk
0:36:48]} 41. Bb5 {[%clk 0:28:33]} Nb8 {[%clk 0:36:33]} 42. Rd2 {[%clk 0:27:44]}
a6 {[%clk 0:36:31]} 43. Be2 {[%clk 0:28:01]} Kh6 {[%clk 0:36:42]} 44. Rd4 {[%clk
0:19:48]} 1/2-1/2

[Event "Greek Team Championship"]
[Site "chess24.com"]
[Date "2017.07.07"]
[Round "6"]
[White "Papageorgiou, Fotini"]
[Black "Tsolakidou, Stavroula"]
[Result "0-1"]
[Board "6"]
[WhiteElo "1427"]
[WhiteCountry "GRE"]
[WhiteFideId "4238265"]
[WhiteEloChange "-2"]
[BlackElo "2359"]
[BlackTitle "WGM"]
[BlackCountry "GRE"]
[BlackFideId "4264312"]
[BlackEloChange "2"]

1. c4 {[%clk 1:30:57]} e6 {[%clk 1:30:50]} 2. Nf3 {[%clk 1:31:22]} Nf6 {[%clk
1:30:51]} 3. g3 {[%clk 1:31:44]} d5 {[%clk 1:30:23]} 4. Bg2 {[%clk 1:32:01]} dxc4
{[%clk 1:30:21]} 5. Qa4+ {[%clk 1:32:20]} Nbd7 {[%clk 1:30:22]} 6. Qxc4 {[%clk
1:32:38]} a6 {[%clk 1:29:49]} 7. b3 {[%clk 1:31:17]} b5 {[%clk 1:25:49]} 8. Qc2
{[%clk 1:31:28]} Bb7 {[%clk 1:26:00]} 9. Bb2 {[%clk 1:28:25]} c5 {[%clk 1:26:00]}
10. O-O {[%clk 1:25:57]} Be7 {[%clk 1:25:35]} 11. Nc3 {[%clk 1:20:36]} O-O {[%clk
1:23:48]} 12. d3 {[%clk 1:03:09]} Rc8 {[%clk 1:23:03]} 13. Rac1 {[%clk 0:58:53]}
Qb6 {[%clk 1:22:05]} 14. Qd2 {[%clk 0:53:05]} Rfd8 {[%clk 1:17:37]} 15. e4 {[%clk
0:33:58]} c4 {[%clk 0:55:07]} 16. dxc4 {[%clk 0:32:00]} bxc4 {[%clk 0:53:25]} 17.
Na4 {[%clk 0:28:19]} Qb5 {[%clk 0:44:02]} 18. Nd4 {[%clk 0:24:19]} Qh5 {[%clk
0:42:34]} 19. e5 {[%clk 0:16:52]} Ng4 {[%clk 0:42:21]} 20. h3 {[%clk 0:16:21]}
Bxg2 {[%clk 0:42:29]} 21. Kxg2 {[%clk 0:16:46]} Ngxe5 {[%clk 0:42:36]} 22. f4
{[%clk 0:14:18]} Nd3 {[%clk 0:37:11]} 23. Rxc4 {[%clk 0:14:25]} Qd5+ {[%clk
0:35:54]} 24. Kh2 {[%clk 0:14:17]} Rxc4 {[%clk 0:32:43]} 25. bxc4 {[%clk
0:13:14]} Qxc4 {[%clk 0:33:07]} 26. Qc2 {[%clk 0:11:04]} Nxb2 {[%clk 0:30:44]}
0-1

[Event "Greek Team Championship"]
[Site "chess24.com"]
[Date "2017.07.07"]
[Round "6"]
[White "Tsivelekidou, Evgenia"]
[Black "Bouza, Mirto - Eleni"]
[Result "1-0"]
[Board "7"]
[WhiteElo "1847"]
[WhiteCountry "GRE"]
[WhiteFideId "4274830"]
[WhiteEloChange "2"]
[BlackElo "1313"]
[BlackCountry "GRE"]
[BlackFideId "4260848"]
[BlackEloChange "-2"]

1. d4 {[%clk 1:30:57]} d5 {[%clk 1:30:52]} 2. c4 {[%clk 1:30:57]} e6 {[%clk
1:31:15]} 3. Nf3 {[%clk 1:31:47]} Nf6 {[%clk 1:31:35]} 4. g3 {[%clk 1:32:12]} Be7
{[%clk 1:31:52]} 5. Bg2 {[%clk 1:32:37]} O-O {[%clk 1:32:10]} 6. O-O {[%clk
1:33:02]} dxc4 {[%clk 1:31:53]} 7. Ne5 {[%clk 1:33:23]} c5 {[%clk 1:18:23]} 8.
dxc5 {[%clk 1:29:51]} Bxc5 {[%clk 1:18:02]} 9. Nxc4 {[%clk 1:23:33]} Nbd7 {[%clk
1:06:49]} 10. Bf4 {[%clk 1:19:07]} Re8 {[%clk 1:06:10]} 11. Nc3 {[%clk 1:11:53]}
a6 {[%clk 1:05:07]} 12. a3 {[%clk 1:08:13]} Ra7 {[%clk 0:57:13]} 13. b4 {[%clk
1:05:23]} Be7 {[%clk 0:54:39]} 14. Na5 {[%clk 0:57:48]} Nb6 {[%clk 0:45:20]} 15.
Qb3 {[%clk 0:46:28]} Nfd7 {[%clk 0:37:19]} 16. Rfd1 {[%clk 0:42:03]} Bf6 {[%clk
0:35:51]} 17. Rac1 {[%clk 0:37:06]} e5 {[%clk 0:31:35]} 18. Be3 {[%clk 0:35:33]}
Bg5 {[%clk 0:24:57]} 19. Bxg5 {[%clk 0:32:19]} Qxg5 {[%clk 0:25:16]} 20. Ne4
{[%clk 0:32:21]} Qe7 {[%clk 0:16:48]} 21. Nd6 {[%clk 0:31:48]} Rd8 {[%clk
0:13:24]} 22. Naxb7 {[%clk 0:27:57]} Bxb7 {[%clk 0:12:57]} 23. Nxb7 {[%clk
0:27:47]} Rc8 {[%clk 0:09:08]} 24. Rxc8+ {[%clk 0:25:09]} Nxc8 {[%clk 0:09:36]}
25. Qd3 {[%clk 0:22:07]} Nf8 {[%clk 0:07:30]} 26. Nc5 {[%clk 0:18:22]} a5 {[%clk
0:06:39]} 27. Qd8 {[%clk 0:17:15]} Qc7 {[%clk 0:05:11]} 28. Qxc7 {[%clk 0:15:00]}
Rxc7 {[%clk 0:05:35]} 29. Rd8 {[%clk 0:15:06]} g6 {[%clk 0:05:18]} 30. Bh3 {[%clk
0:14:43]} Nb6 {[%clk 0:04:25]} 31. bxa5 {[%clk 0:13:24]} Rxc5 {[%clk 0:02:46]}
32. axb6 {[%clk 0:13:52]} Rb5 {[%clk 0:02:35]} 33. Rb8 {[%clk 0:12:35]} Kg7
{[%clk 0:02:46]} 34. Bc8 {[%clk 0:12:29]} Ne6 {[%clk 0:02:31]} 35. Bxe6 {[%clk
0:12:24]} fxe6 {[%clk 0:02:59]} 36. b7 {[%clk 0:12:01]} Kf6 {[%clk 0:02:45]} 37.
Rf8+ {[%clk 0:12:23]} Ke7 {[%clk 0:03:02]} 38. b8Q {[%clk 0:12:48]} Rxb8 {[%clk
0:03:26]} 39. Rxb8 {[%clk 0:13:13]} 1-0

[Event "Greek Team Championship"]
[Site "chess24.com"]
[Date "2017.07.07"]
[Round "6"]
[White "Vrettos, Augoustinos"]
[Black "Zisiadis, Dimitrios"]
[Result "1-0"]
[Board "8"]
[WhiteElo "1903"]
[WhiteCountry "GRE"]
[WhiteFideId "4254589"]
[WhiteEloChange "14"]
[BlackElo "2071"]
[BlackCountry "GRE"]
[BlackFideId "4262921"]
[BlackEloChange "-14"]

1. e4 {[%clk 1:30:57]} e6 {[%clk 1:30:53]} 2. d3 {[%clk 1:30:48]} d5 {[%clk
1:30:40]} 3. Nd2 {[%clk 1:31:13]} Nf6 {[%clk 1:29:59]} 4. Ngf3 {[%clk 1:31:35]}
c5 {[%clk 1:28:36]} 5. g3 {[%clk 1:31:35]} Nc6 {[%clk 1:28:06]} 6. Bg2 {[%clk
1:31:59]} g6 {[%clk 1:28:25]} 7. O-O {[%clk 1:22:37]} Bg7 {[%clk 1:28:50]} 8. Re1
{[%clk 1:22:03]} O-O {[%clk 1:29:03]} 9. a4 {[%clk 1:13:56]} b6 {[%clk 1:26:57]}
10. Nf1 {[%clk 1:06:32]} Ba6 {[%clk 1:20:22]} 11. e5 {[%clk 1:04:29]} Nd7 {[%clk
1:19:23]} 12. Bf4 {[%clk 1:04:49]} Qc7 {[%clk 1:16:54]} 13. c3 {[%clk 0:59:55]}
Rac8 {[%clk 1:11:29]} 14. h4 {[%clk 0:48:12]} Ndxe5 {[%clk 0:59:11]} 15. Nxe5
{[%clk 0:46:56]} Bxe5 {[%clk 0:57:20]} 16. Rxe5 {[%clk 0:47:03]} Nxe5 {[%clk
0:57:40]} 17. d4 {[%clk 0:47:21]} cxd4 {[%clk 0:54:19]} 18. cxd4 {[%clk 0:47:38]}
Qc2 {[%clk 0:50:45]} 19. Bxe5 {[%clk 0:45:13]} Qxb2 {[%clk 0:47:10]} 20. Bh3
{[%clk 0:36:36]} Qe2 {[%clk 0:40:19]} 21. Qb3 {[%clk 0:30:45]} Rc2 {[%clk
0:22:59]} 22. Qe3 {[%clk 0:30:55]} f5 {[%clk 0:21:55]} 23. a5 {[%clk 0:15:31]}
Qxe3 {[%clk 0:17:43]} 24. Nxe3 {[%clk 0:15:13]} Rc6 {[%clk 0:17:07]} 25. axb6
{[%clk 0:14:41]} Rxb6 {[%clk 0:17:26]} 26. Bf1 {[%clk 0:14:30]} Bxf1 {[%clk
0:16:14]} 27. Rxa7 {[%clk 0:14:52]} Rf7 {[%clk 0:12:25]} 28. Ra8+ {[%clk
0:15:18]} Rf8 {[%clk 0:12:50]} 29. Rxf8+ {[%clk 0:15:46]} Kxf8 {[%clk 0:13:06]}
30. Kxf1 {[%clk 0:16:14]} h5 {[%clk 0:09:56]} 31. Ke2 {[%clk 0:15:44]} Rb2+
{[%clk 0:09:51]} 32. Kf3 {[%clk 0:16:09]} Kf7 {[%clk 0:09:35]} 33. Ng2 {[%clk
0:15:35]} Rb3+ {[%clk 0:08:57]} 34. Kf4 {[%clk 0:15:59]} Rb2 {[%clk 0:09:10]} 35.
Kg5 {[%clk 0:15:46]} Rxf2 {[%clk 0:01:39]} 36. Nf4 {[%clk 0:16:12]} Rf1 {[%clk
0:00:56]} 37. Nxg6 {[%clk 0:16:35]} Rg1 {[%clk 0:00:55]} 38. Kxh5 {[%clk
0:16:53]} Re1 {[%clk 0:00:38]} 39. Kg5 {[%clk 0:12:53]} Re4 {[%clk 0:00:50]} 40.
Nf4 {[%clk 0:43:14]} Re3 {[%clk 0:31:06]} 41. Nh5 {[%clk 0:43:11]} Re4 {[%clk
0:18:02]} 42. Nf6 {[%clk 0:43:18]} Re1 {[%clk 0:16:11]} 43. h5 {[%clk 0:43:43]}
1-0